Building Sustainable Development of the Metallurgical Companies in Slovakia

Salvato in:
Dettagli Bibliografici
Autore principale: Richnák, Patrik, 1988-
Altri autori: Hanuláková, Eva, 1964-, Drábik, Peter, 1981-, Rehák, Róbert, 1984-
Natura: Capitolo di libro
Lingua:inglese
Soggetti:
Tags: Aggiungi Tag
Nessun Tag, puoi essere il primo ad aggiungerne!!

MARC

LEADER 00000naa$a2200000$$$4500
001 0303498
005 20240809123604.2
041 0 |a eng 
044 |a HR 
245 1 0 |a Building Sustainable Development of the Metallurgical Companies in Slovakia  |c Patrik Richnák, Eva Hanuláková, Peter Drábik, Róbert Rehák 
500 |a Abstrakt 
610 2 0 |a zodpovednosť podniku spoločenská 
610 2 0 |a rozvoj trvalo udržateľný 
610 2 0 |a politika environmentálna 
610 2 0 |a metalurgia 
100 1 |a Richnák, Patrik, 1988- 
700 1 |a Hanuláková, Eva, 1964- 
700 1 |a Drábik, Peter, 1981- 
700 1 |a Rehák, Róbert, 1984-